000
00351nam a2200169Ia 4500
003
0STCL
008
150530s9999 xx 000 0 und d
040
_a
STCL
_c
STCL
100
_a
Lucey, T.
245
_a
Costing
250
_a
Third
260
_b
ELBS
_c
1989
546
_a
English
942
_2
ddc
_c
BK
999
_c
41481
_d
41481
005
20220125170535.0